Rozpoznasz polskie aktorki? - Foto quiz - Statystyki

Ogólne statystyki
  • Ten quiz został rozwiązany 31 razy
  • Średni wynik to 8 z 16
Statystyki odpowiedzi
Obrazkowy Hint Odpowiedź % Poprawnych
"Pianista" Katarzyna Figura
83%
"Kochaj albo rzuć" Anna Dymna
76%
"Chopin. Pragnienie miłości" Danuta Stenka
76%
"Rozmowy kontrolowane" Irena Kwiatkowska
59%
"Róża" Agata Kulesza
55%
"Krótki film o miłości" / "Dekalog VI" Grażyna Szapołowska
52%
"Katyń" Magdalena Cielecka
52%
"Jack Strong" Maja Ostaszewska
52%
"Popioły" Pola Raksa
52%
"Alternatywy 4" Stanisława Celińska
48%
"Czarne chmury" Anna Seniuk
45%
"Zimna wojna" Joanna Kulig
41%
"Lalka" Beata Tyszkiewicz
38%
"Przesłuchanie" Krystyna Janda
38%
"Podwójne życie Weroniki" Kalina Jędrusik
31%
"Cwał" Maja Komorowska
28%
Nie znaleziono quizów pasujących do podanych kryteriów
Rozkład punktacji
Procent ludzi z każdym wynikiem
Percentyl według liczby udzielonych odpowiedzi
Twoja historia wyników
Nie rozwiązałeś tego quizu